000 00874nam a2200253Ia 4500
003 OSt
005 20221005104631.0
006 a|||||r|||| 00| 0
007 ta
008 221004b |||||||| |||| 00| 0 hin d
020 _a8170554837 (hbk)
_c750
024 _a88248
037 _b467, 19/03/2008, University Book House
_cTextual
040 _aCRL
_cCRL
_bhin
041 _2hin
_ahin
082 _aP152, 152P7
100 _aशर्मा, राजमणि
245 0 _aआधुनिक भाषा विज्ञान
246 _aĀdhunik bhāṣhā vijnyāna
260 _aदिल्ली
_bवाणी प्रकाशन भारत
_c2007
300 _a373पण्
_ccm.
942 _hP152, 152P7
_cTEXL
_2cc
999 _c1013302
_d1013302